LDR 00902naa#a2200169#i#450# 001 RU\\bibl\20018 005 20260701155957.3 100 ## _a20260630b2026####ek#y0rusy0150####ca 102 ## _aRU 200 1# _aИСПОЛЬЗОВАНИЕ СИСТЕМНОГО АНАЛИЗА ДЛЯ КОМПЛЕКСНОЙ ОЦЕНКИ СТЕПЕНИ РАЗВИТОСТИ ЦИФРОВОЙ ИНФРАСТРУКТУРЫ РЕГИОНА _eСтатья/тезисы конференции 210 1# _aВоронеж _cВоронежский государственный лесотехнический университет имени Г.Ф. Морозова _d2026 215 ## _a4 с. 608 ## _aСтатья/тезисы конференции _2local 675 ## _aСистемы обработки численных данных. 004.67 _z 700 #1 _aСафонова _gИ. В. 700 #1 _aЛавренко _gВ. А. 856 4# _abibl.vgltu.ru _u